000 00421nam a22001457a 4500
005 20250611113507.0
008 220412b |||||||| |||| 00| 0 eng d
040 _cSVYASA
100 _aPriyanka Sarkar
_9929
245 _aDevelopment and validation of scale to measure krodha.
260 _aBangaluru
_bSVYASA
_c2022
300 _a28 P.
856 _uhttps://elibraryofyoga.com/handle/123456789/2007
942 _2ddc
_cD
_n0
999 _c17943
_d17943